000 00542 a2200169 4500
003 NUST
005 20230131155548.0
040 _cNust
082 _a942,BAL
100 _aBaldwin, Stanley
_9108301
245 _aOn England and Other Addresses /
_cStanley Baldwin
260 _aEngland
_bPenguin Books
_c1926
300 _a230: p.
505 _aOn England and the West (Page-11), On Peace in Industry (Page-33), On Political Life (Page-71), On Literature and the Arts (PAge-107).
650 _a England
_9108302
942 _2ddc
_cBK
_k942,BAL
999 _c187279
_d187279